000
00202 a2200097 4500
001
25499
100
_a
Levy R B
245
_a
Human relations
260
_a
_b
Int Textt Book co
_c
090
_c
17223
_d
17223
942
_a
NUST-CAE
_c
M
_c
8029
999
_c
260572
_d
260572